Seguros sociales, régimen de puntos y financiación de estancias de menores (Record no. 122370)

MARC details
000 -LEADER
campo de control de longitud fija 00748nam a2200181 4500
001 - NÚMERO DE CONTROL
campo de control 122370
003 - IDENTIFICADOR DE NÚMERO DE CONTROL
campo de control ES-MaACL
005 - FECHA Y HORA DE LA ÚLTIMA TRANSACCIÓN
campo de control 20230906191950.0
007 - CAMPO FIJO DE DESCRIPCIÓN FÍSICA--INFORMACIÓN GENERAL
campo de control de longitud fija t|
008 - DATOS DE LONGITUD FIJA--INFORMACIÓN GENERAL
campo de control de longitud fija 070214s1963 sp r ||||1| spa d
100 1# - ENTRADA PRINCIPAL--NOMBRE DE PERSONA
Nombre de persona Prieto Pérez, César.
9 (RLIN) 93939
245 10 - MENCIÓN DEL TÍTULO
Título Seguros sociales, régimen de puntos y financiación de estancias de menores
Resto del título : ponencia presentada a la Asamblea de la Unión de Tribunales de Menores, celebrada en Bilbao.
260 ## - PUBLICACIÓN, DISTRIBUCIÓN, ETC.
Lugar de publicación, distribución, etc. Salamanca :
Nombre del editor, distribuidor, etc. [s. n.],
Fecha de publicación, distribución, etc. 1963 (
Fabricante Tip. Núñez)
300 ## - DESCRIPCIÓN FÍSICA
Extensión 38 p. ;
Dimensiones 20 cm.
710 2# - ENTRADA AGREGADA--NOMBRE DE ENTIDAD CORPORATIVA
Nombre de entidad corporativa o nombre de jurisdicción como elemento de entrada Tribunal Tutelar de Menores (Salamanca)
9 (RLIN) 6987
711 2# - ENTRADA AGREGADA--NOMBRE DE REUNIÓN
Nombre de congreso/reunión o jurisdicción como elemento de entrada Asamblea de la Unión Nacional de Tribunales Tutelares de Menores (
Número del congreso/reunión o número de parte o sección 19ª.
Fecha del congreso o de la firma del tratado 1963? (
-- Bilbao)
9 (RLIN) 12
852 ## - LOCALIZACIÓN
Ubicación ES-MaACL
Número de control de estantería 2032-F-12
Sublocalización o colección R.52876
Holdings
Estatus retirado Estado de pérdida Estado de daño No para préstamo Colección Biblioteca de origen Biblioteca actual Ubicación en estantería Fecha de adquisición Fuente de adquisición Total de préstamos Signatura topográfica completa Código de barras Visto por última vez Precio de reemplazo Tipo de ítem Koha
        Colección de folletos Biblioteca del Ateneo de Madrid Biblioteca del Ateneo de Madrid Depósito folletos 17/01/2008     2032-F-12 1127515 23/02/2023 23/02/2023 Folleto